000 00480ntaaa2200181 4500
003 01
005 20251027202454.0
008 0714s1973 ag 01
040 _aAR-BaBN
_bspa
_cAR-BaBN
_eaacr
_dRIC
082 _a268.4330 M13
100 _aMcClelland, Margaret T.
_923626
245 _aIntermediates in action; through the Sunday School.
250 _a1 ed.
260 _aNashville :
_bConvention Press,
_cc1960
300 _a104 p.
650 _aIntermedios
_99120
942 _cBK
999 _c19727
_d19727